000 01003nam a2200289Ia 4500
001 Para_9633
003 CHAP
008 220125s2009 xx 000 0 und d
010 _a208307
040 _cCHAP
090 _aPA TESIS 2256
100 _aVera Heredia, José Manuel
_9118776
245 _aEvaluación de protectantes de semilla de maíz en la reducción del daño por gusano cogollero (Spodoptera frugiperda J.E. Smith) en invernadero /
_c José Manuel Vera Heredia
260 _aChapingo, Méx :
_b El autor
300 _a39 h.
502 _aTesis (M.C. Esp. Protección Vegetal) UACh. Departamento Parasitología Agrícola
650 _aMaíz
_x control de plaga
_9174629
650 _aSpodoptera Frugiperda
_9174630
700 _aUACh. Departamento Parasitología Agrícola
_9164501
901 _aPA TESIS 2256
902 _aM
905 _a0202202009 amn 8000000000 00
910 _a2009
942 _cPARA
942 _cPARA
_d2
999 _c208307
_d208307